01147nam a22003137a 4500001001300000003000900013005001700022007000300039008003400042020002200076040005400098041001000152072001800162090002100180100001700201110012700218245013600345260003400481300001100515500003300526650002100559650001500580650000900595650001300604909003600617942000700653999001700660952015600677BR2020000404BR-BrBNA20230928105524.0ta230509b bl.||||| |||| 00| 0 por d a978-85-7858-530-3 aBR-BrBNAbporcBiblioteca Nacional de Agricultura a(Por) aE50; B50; L20  E50 BR20200004041 aGuerra, F.F.1 aAgência Estadual de Planejamento e Pesquisa de Pernambuco, Recife (Brasil). Centro de Estudo de História Municipal9861 aMemórias das vaquejadas de Surubim: a história da vaquejada mais antiga do Brasil, 1937 a 1972bColeção Tempo Municipal, 363 aRecife, PE (Brasil): c2017.  a305 p. a38 ref.; 141 illus.; 1 table aSOCIOLOGIA RURAL aHISTÓRIA aGADO aNORDESTE a202309bLuciac55dLucia Elande cBK c85499d85499 002AGRIS40708AGROBASEa41918b41918l0o E50 BR2020000404pE50 BR2020000404r2023-09-25t01yBK10d2023-09-25ePortaria Interministerial nº 164/94